00897nam a2200241Ia 4500003000200000005001700002008004100019050002700060100003300087245008900120260008900209300002800298504004100326650003100367650002900398650003900427650003600466650002400502650003900526650002400565650003900589650002700628020250129094537.0190909s9999 xx 000 0 und d aPGS BF 724b.M397 2019 aMasilungan, Jose Antonio C.  aGender and friendship quality among young adolescents /cJose Antonio C. Masilungan. aLas Piñas City, Philippines:bSouthville International School and Colleges,c2019. a56 p. :bill. ;c28 cm. aIncludes bibliographical references. aFriendship in adolescence. aAdolescentsvPsychology. aGender differences in adolescence. aAdolescentsvSocial conditions. aPeer relationships. aSocial relationshipsvAdolescents. aFriendship quality. aGender identity and relationships. aYouthvSocial aspects.